header

Oracle SOA suite 11g developer's cookbook (Record no. 43845)

MARC details
000 -LEADER
fixed length control field 01313nam a2200301Ia 4500
100 1# - MAIN ENTRY--AUTHOR NAME
Personal name Reynolds, Anthony.
245 10 - TITLE STATEMENT
Title Oracle SOA suite 11g developer's cookbook
260 ## - PUBLICATION, DISTRIBUTION, ETC. (IMPRINT)
Place of publication Birmingham, UK :
Name of publisher Packt Pub.,
Year of publication 2012.
300 ## - PHYSICAL DESCRIPTION
Number of Pages iii, 327 p. :
Other physical details ill.
500 ## - GENERAL NOTE
General note Includes index.
650 #0 - SUBJECT ADDED ENTRY--TOPICAL TERM
Topical Term Service-oriented architecture (Computer science)
Topical Term Computer network architectures.
700 1# - ADDED ENTRY--PERSONAL NAME
Personal name Wright, Matt.
856 40 - ELECTRONIC LOCATION AND ACCESS
Uniform Resource Identifier http://site.ebrary.com/lib/rucke/Doc?id=10642564

No items available.

© 2026 Rongo University
Contact us: librarian | system librarian | Rongo university